00345 a2200121 450000500170000002000180001708200130003510000190004824500380006726000270010530000660013270000250019820250613074446.0 a0-07-121440-2 a519.5BOW aBOWERMAN. L. B aEssentials of Business Statistics aUSA,bNew York,c2004. axvi, 613p, ill, table, figure, picturebAppendix, Indexc28cm aRICHARD T. O,CONNELL